Kdy a jak používat směnky
Podstatné náležitosti a členenie zmeniek. Výhody zmenkových obchodov.Eskont a reeskont zmeniek. Inkaso zmenky. Prevody zmenky. Zmenkové rukojemníctvo a zmenkový protest. Priebeh zmenkového konania. Zmenková intervencia. Zmenkové rovnopisy a opisy. Umorenie zmeniek. Akceptačný a avalový úver.
Guardado en:
| Autor principal: | |
|---|---|
| Formato: | Capítulo de libro |
| Lenguaje: | checo |
| Materias: | |
| Etiquetas: |
Sin Etiquetas, Sea el primero en etiquetar este registro!
|
MARC
| LEADER | 00000naa a2200000 4500 | ||
|---|---|---|---|
| 001 | r024084 | ||
| 005 | 20221205085825.2 | ||
| 041 | 0 | |a cze | |
| 044 | |a CZ | ||
| 245 | 1 | 0 | |a Kdy a jak používat směnky |c P. Jaroš |
| 520 | |a Podstatné náležitosti a členenie zmeniek. Výhody zmenkových obchodov.Eskont a reeskont zmeniek. Inkaso zmenky. Prevody zmenky. Zmenkové rukojemníctvo a zmenkový protest. Priebeh zmenkového konania. Zmenková intervencia. Zmenkové rovnopisy a opisy. Umorenie zmeniek. Akceptačný a avalový úver. | ||
| 610 | 2 | 0 | |a zmenky |
| 610 | 2 | 0 | |a papiere cenné |
| 610 | 2 | 0 | |a eskont |
| 610 | 2 | 0 | |a reeskont |
| 610 | 2 | 0 | |a inkaso |
| 610 | 2 | 0 | |a indosament |
| 610 | 2 | 0 | |a úver |
| 100 | 1 | |a Jaroš, P. | |